Score 0/20 Timer 02:00
0 Plays Today
Movie Missing Word % Correct
AlecRed
97.3%
BillyHawaii
95.8%
BillySarah
87.6%
AlecRock
87.4%
AlecGlen
77.5%
DanielLife
61%
DanielRehab
49.8%
StephenDome
40.4%
BillyLove
38.3%
AlecGhosts
37.4%
Movie Missing Word % Correct
DanielHarley
35.3%
StephenApprentice
32.3%
BillyWhale
30%
Stephen8
18.4%
DanielFalls
16.5%
StephenCircle
12.3%
DanielGardens
8.7%
BillyFair
7.2%
AlecOutside
7.2%
StephenCop
4.8%

Today's Daily Dose

Missing Word
'T' Pairs

Word Ladder
Game Pieces

Get the Picture
Baseball Movies

Remove Ads.
Support Sporcle.
Get the best of Sporcle when you Go Orange. This ad-free experience offers more features, more stats, and more fun while also helping to support Sporcle. Thank you for becoming a member.

You're not logged in!

Compare scores with friends on all Sporcle quizzes.
OR
Log In

Show Comments

Extras

Top Quizzes Today


Score Distribution

Your Account Isn't Verified!

In order to create a playlist on Sporcle, you need to verify the email address you used during registration. Go to your Sporcle Settings to finish the process.

Report this User

Report this user for behavior that violates our Community Guidelines.

Details: